| 000 | 00402nam a22001337a 4500 | ||
|---|---|---|---|
| 008 | 230608b xxu||||| |||| 00| 0 eng d | ||
| 020 | _a9966530486 | ||
| 082 |
_a346.0438 _bTEN |
||
| 100 | _cTenga RW & Maramba SJ | ||
| 245 |
_aConveyancing and Disposition of Land in Tanzania _bLaw and Procedure |
||
| 260 |
_aNairobi,Kenya _bLawAfrica Publishing (K) Ltd. _c2017 |
||
| 300 | _aXXI,448p | ||
| 942 |
_2ddc _cBK |
||
| 999 |
_c857 _d857 |
||